00924nam a22002777a 45000010005000000030006000050050017000110080041000280200018000690400029000870500015001160820008001311000028001392450082001672500022002492600045002713000045003164900056003615050007004175200090004245210019005145210018005336500024005516500041005757000030006164764FISKH20250527105653.0241009b cb ||||| |||| 00| 0 eng d a9780448456904 aFISKHbengcFISKHdFISKH aPZ7.M47879 a196 aMcmullan, Kated(1947-) aPearl and Wagner two good friends /cby Kate McMullan pictures by R. W. Alley aPublished in 2003 aNew York :bPenguin Young Reader,c2003. a48 pages :bcolor illustrations ;c23 cm aPenguin young readers vTransitional reader level 3 aJ  aTwo mice, Pearl and Wagner, work together to build a robot for their science project.8 a470 bLexile 8 aJ bRaz-Plus  2FriendshipaRabbits 2Easy readeraRelationships - Friends aAlley, R. W.dillustrator